| 000 | 00927nas a2200313 4500 | ||
|---|---|---|---|
| 001 | BR2011008071 | ||
| 003 | BR-BrBNA | ||
| 005 | 20231205115858.0 | ||
| 007 | ta | ||
| 008 | 230509b bl.|||p| |||| 00| 00por d | ||
| 040 |
_aBR-BrBNA _bpor _cBiblioteca Nacional de Agricultura |
||
| 041 | _a(Pt) | ||
| 072 | _aK10; F30; P33 | ||
| 100 | 1 | _aMorais, E. | |
| 100 | 1 | _aZanatto, A.C.S. | |
| 100 | 1 | _aMoraes, M.L.T. de | |
| 100 | 1 | _aFreitas, M.L.M. | |
| 100 | 1 | _aSebbenn, A.M. | |
| 245 | 1 | _aComportamento e variação de procedências de Corymbia citriodora em diferentes tipos de solos | |
| 650 | _aEUCALIPTO | ||
| 650 | _aFLORESTA | ||
| 650 | _aMELHORAMENTO | ||
| 650 | _aANÁLISE DO SOLO | ||
| 650 | _aPROCEDÊNCIA | ||
| 650 | _aSELEÇÃO | ||
| 773 | 0 |
_tFloresta (Brazil) _xISSN 0015-3826 _g(Apr-Jun 2011), v. 41(2) p. 277-286 _wBR2011008071 |
|
| 909 |
_a202311 _bLúcia _c55 _dLúcia Elande |
||
| 942 |
_2AGRIS _n0 _cANA |
||
| 999 |
_c216131 _d216131 |
||